000 00745nam a2200265 i 4500
001 000013135
003 DO-SdBNP
005 20240412074311.0
008 091120s1996 dr a 000 f spa d
040 _aDO-SdBNP
_bspa
_cBNPHU
_erda
082 4 _aRD863.44
_bS944ma
_222
100 1 _aSueko
_920568
245 1 0 _aMás luz /
_cSueko.
250 _a2a. edición
264 _aSanto Domingo :
_bBúho,
_c1996.
300 _a162 paginas. :
_bilustraciones ;
_c18 cm.
336 _2rdacontent
_atexto
_btxt
337 _2rdamedia
_asin mediación
_bn
338 _2rdacarrier
_avolumen
_bnc
590 _aInventariado, 2023/DG
650 0 _aCuentos dominicanos
_9176
650 0 _aLiteratura dominicana.
_967
910 _aDG
942 _2ddc
_cLBS1
999 _c55000
_d55000